Normal view
MARC view
Entry Geographic Name
001 - CONTROL NUMBER
- control field: 13158
003 - CONTROL NUMBER IDENTIFIER
- control field: ARRUPE
005 - DATE AND TIME OF LATEST TRANSACTION
- control field: 20141210102320.0
008 - FIXED-LENGTH DATA ELEMENTS
- fixed length control field: 141210|| aca||aabn | a|a d
040 ## - CATALOGING SOURCE
- Original cataloging agency: ARRUPE
- Transcribing agency: ARRUPE
151 ## - HEADING--GEOGRAPHIC NAME
- Geographic name: Zimbabwe
- General subdivision: Politics and government
- Chronological subdivision: 1965-1979.
670 ## - SOURCE DATA FOUND
- Source citation: Work cat.: (ARRUPE)0: Wainwright, Andrew, 1951-1974. 13156, Letters from Zimbabwe /, 1974